The joy of living : (Record no. 3351)
[ view plain ]
| 000 -LEADER | |
|---|---|
| fixed length control field | 01747cam a2200229 4500 |
| 001 - CONTROL NUMBER | |
| control field | 4092 |
| 005 - DATE AND TIME OF LATEST TRANSACTION | |
| control field | 20181127172612.0 |
| 008 - FIXED-LENGTH DATA ELEMENTS--GENERAL INFORMATION | |
| fixed length control field | 060508s2007 nyu b 001 0 eng |
| 010 ## - LIBRARY OF CONGRESS CONTROL NUMBER | |
| LC control number | 2006015356 |
| 020 ## - INTERNATIONAL STANDARD BOOK NUMBER | |
| International Standard Book Number | 0307346250 |
| International Standard Book Number | 9780307346254 |
| 100 0# - MAIN ENTRY--PERSONAL NAME | |
| Personal name | Rinpoche, Yongey Mingyur |
| Titles and words associated with a name | |
| Dates associated with a name | 1976- |
| 245 14 - TITLE STATEMENT | |
| Title | The joy of living : |
| Remainder of title | unlocking the secret and science of happiness / |
| Statement of responsibility, etc. | Yongey Mingyur Rinpoche with Eric Swanson ; foreword by Daniel Goleman. |
| 250 ## - EDITION STATEMENT | |
| Edition statement | 1st ed. |
| 260 ## - PUBLICATION, DISTRIBUTION, ETC. | |
| Place of publication, distribution, etc. | London : |
| Name of publisher, distributor, etc. | Bantam Books, |
| Date of publication, distribution, etc. | 2007. |
| 300 ## - PHYSICAL DESCRIPTION | |
| Extent | ix, 272 ; |
| Dimensions | 24 cm. |
| 504 ## - BIBLIOGRAPHY, ETC. NOTE | |
| Bibliography, etc. note | Includes bibliographical references and index. |
| 520 ## - SUMMARY, ETC. | |
| Summary, etc. | Buddhists have enjoyed the benefits of meditation for millennia. Here, renowned Buddhist teacher Yongey Mingyur invites us to join him in unlocking the secrets behind this practice. Working with neuroscientists at the Waisman Laboratory for Brain Imaging and Behavior, Yongey Mingyur provides insights into modern research indicating that systematic training in meditation can enhance activity in areas of the brain associated with happiness and compassion. He has also worked with physicists across the country to develop a scientifically based interpretation of the Buddhist understanding of the nature of reality. Yongey Mingyur weaves together the principles of Tibetan Buddhism, neuroscience, and quantum physics in a way that will change the way we understand the human experience. Using the basic meditation practices he provides, we can discover paths through everyday problems, transforming obstacles into opportunities to recognize the unlimited potential of our own minds.--From publisher description. |
| 650 #0 - SUBJECT ADDED ENTRY--TOPICAL TERM | |
| Topical term or geographic name entry element | Religious life |
| General subdivision | Buddhism. |
| 700 1# - ADDED ENTRY--PERSONAL NAME | |
| Personal name | Goleman, Daniel. |
| Personal name | Swanson, Eric. |
| Withdrawn status | Lost status | Damaged status | Not for loan | Collection code | Home library | Current library | Shelving location | Date acquired | Serial Enumeration / chronology | Total Checkouts | Full call number | Barcode | Date last seen | Price effective from | Koha item type | Source of classification or shelving scheme | Total Renewals | Date last checked out |
|---|---|---|---|---|---|---|---|---|---|---|---|---|---|---|---|---|---|---|
| Missing | Main TEST | RTC Library | RTC Library | Main opac | 04/04/2022 | 241.317 R582i 2007 | 30007178 | 27/11/2018 | 27/11/2018 | Main | ||||||||
| Main TEST | RTC Library | RTC Library | Main opac | 04/03/2021 | 14930 | 11 | 241.317 RIN | 30014228 | 05/11/2024 | 04/03/2021 | Main | Dewey Decimal Classification | 13 | 03/10/2024 |